Регионална библиотека "Любен Каравелов" - Русе

Повече от любов (Запис номер 433744)

MARC детайли
000 -Лидер
Контролно поле с фиксирана дължина 01058nam a2200289 a 4500
003 - Код на организацията, давaща контролен номер
Контролно поле BLK
005 - Дата и час на последна редакция
Контролно поле 20250408152249.0
008 - Елементи от данни с фиксирана дължина
fixed length control field 211020b bul|||||r ||||||| ||bul||
020 ## - Международен стандартен номер на книга ISBN
Международен стандартен номер на книга ISBN 9786192300272
040 ## - Източник на каталожния запис
Идентификатор на билиотеката - собственик на записа BLK
041 ## - Код за език
Код за езика на текст/звукозапис или на отделно заглавие Български
Код за езика КДБФ Български
080 ## - УДК
Текстов определител УДК Българска литература
УДК код - определител по УДК 821.163.2
УДК определител -31
УДК - код + определител 821.163.2-31
100 ## - Редна дума - Автор
Автор Гизгинджиев, Радослав Руменов
Авторска отговорност първи автор
R(LIN) 465668
139 ## - Редно поле
Редна дума Гизгинджиев, Радослав Руменов
Авторски знак Ги - Г 46
245 10 - Сведения за заглавието
Заглавие Повече от любов
Редно поле (дума) Радослав Гизгинджиев
250 ## - Област на изданието
Сведения за изданието 2. изд.
257 ## - Страна на издаване
Страна на създаване/издаване България
260 ## - Област на издателските данни
Място на издаване, разпространение и проч. София
Име на издателя, разпространителя и проч. Фабрика за книги
Година на издаване 2020
9 (RLIN) 220362
Информация за издателството импринт на БГкнига
300 ## - Физическа характеристика
Страници 341 с.
Размери/Мащаб 20 см
380 ## - Жанр
Жанр Худож. лит.
500 ## - Общи забележки
Забележка Без сведение за 1. изд.
852 ## - Местоположение
Форматна сигнатура Цб 309307
852 ## - Местоположение
Фондова буква Заемна - подръчен фонд
Систематично-азбучна сигнатура 821.163.2-31/Г 46 Р
999 ## - СИСТЕМНИ КОНТРОЛНИ НОМЕРА
Koha biblionumber 433744
Koha biblioitemnumber 433744
942 ## - АРТИКУЛИ
Вид на библиотечния материал Книги
Скрит в OPAC Не
Периодичен библиозапис Да
Koha issues (borrowed), all copies 12
944 ## - СЪЗДАВАНЕ И РЕДАКЦИЯ на ЗАПИСА
Създаване/Редакция Създаване
Дата на регистрацията/редакция 2021-10-13
Служител, извършил регистрацията/редакцията 30531
Статус, дата на статуса Цветелина Шанова
944 ## - СЪЗДАВАНЕ И РЕДАКЦИЯ на ЗАПИСА
Създаване/Редакция Редакция
Дата на регистрацията/редакция 2021-10-20
Служител, извършил регистрацията/редакцията ГГГ
Наличности
Код за отписване Код за изгубен артикул Източник на класификационната схема Код за повреда Коз за рестрикции Код за отдаване Артикулен № Име на библиотеката - собственик Име на библиотеката, в която се намира в момента Статус (Текущо местоположение) Дата на вписване в системата Местоположение - отдел Цена в лева Систематично азбучна сигнатура Баркод Цена в евро Служебен тип на артикула
  Не е изгубен Universal Decimal Classification Не е повреден само за читалня ползва се в читалня 857616 Регионална библиотека "Любен Каравелов" Русе Регионална библиотека "Любен Каравелов" Русе Хранилище 2021-10-18 Хранилище 19.90 Цб 309307 120000860541 10.17 Книги
  Не е изгубен Universal Decimal Classification Не е повреден без рестрикции заемане за дома 858257 Регионална библиотека "Любен Каравелов" Русе Регионална библиотека "Любен Каравелов" Русе Заемна - подръчен фонд 2021-10-21 Заемна - подръчен фонд 15.92 821.163.2-31/Г 46 Р 120000860787 8.14 Книги
Vip Innovations Ltd, Rousse, Bulgaria 2025